| 000 | 00399cam a2200169ua 4500 | ||
|---|---|---|---|
| 020 | _c0.50 | ||
| 041 |
_aeng _h |
||
| 082 |
_a338 _bKVI/TR |
||
| 100 | _aKVIC, . | ||
| 245 | 0 | 0 | _aTraining in khadhi and village industries |
| 260 |
_aMumbai : _bKhadi and Village Industries Commission , _c1961. |
||
| 300 | _a68 ; . | ||
| 365 | _a0.50 | ||
| 504 | _a | ||
| 942 | _cBK | ||
| 999 |
_c5752 _d5752 |
||